AH International Schools' Libraries

The Usborne Book of Scientists : From Archimedes to Einstein / (Record no. 49381)

MARC details
000 -LEADER
fixed length control field 00420nam a2200121 4500
020 ## - INTERNATIONAL STANDARD BOOK NUMBER
International Standard Book Number 0590621807
100 ## - MAIN ENTRY--PERSONAL NAME
Personal name Reid, Struan,
Relator term author.
9 (RLIN) 36974
245 ## - TITLE STATEMENT
Title The Usborne Book of Scientists : From Archimedes to Einstein /
Remainder of title by Struan Reid ans Patricia Fara.
260 ## - PUBLICATION, DISTRIBUTION, ETC. (IMPRINT)
Place of publication, distribution, etc U.S.A. ;
Name of publisher, distributor, etc Scholastic Inc. :
Date of publication, distribution, etc 1 Jan. 1996.
300 ## - PHYSICAL DESCRIPTION
Extent 48 pages.
Dimensions 24.64 x 19.69 x 0.25 cm.
650 ## - SUBJECT ADDED ENTRY--TOPICAL TERM
9 (RLIN) 76462
Topical term or geographic name as entry element SCIENCE
General subdivision History.
942 ## - ADDED ENTRY ELEMENTS (KOHA)
Source of classification or shelving scheme
Koha item type Book
Holdings
Withdrawn status Lost status Source of classification or shelving scheme Damaged status Not for loan Home library Current library Date acquired Total Checkouts Full call number Barcode Date last seen Price effective from Koha item type
          Logos International School Logos International School 08/21/2025   J 509.22 REI 042887 08/25/2025 08/21/2025 Book

For any Logos Library related questions please contact Miss Art at swongnarasuk@asianhope.org.

For any Asian Hope Library related questions please contact Miss Raza at graza@asianhope.org.

Powered by Koha